000 01031cam a2200301 a 4500
999 _c329562
_d329562
001 15602800
003 NUST
005 20170515102941.0
008 090129s2008 pk a b 000 0 eng
010 _a 2009355139
020 _a9789694164175
025 _aP-E-2009355139; 05; 06; 07
040 _aDLC
_cDLC
042 _alcode
050 0 0 _aPK2199.I65
_bZ8276 2008
082 _a891.43914
_bQAZ
100 1 _aQazi, M. H.
_9678
245 1 0 _aIqbal on inner religious experience /
_cM.H. Qazi.
250 _a1st ed.
260 _aLahore :
_bIqbal Academy Pakistan,
_c2008.
300 _a209 p. :
_bill. ;
_c22 cm.
504 _aIncludes bibliographical references (p. 206-209).
600 1 0 _aIqbal, Muhammad,
_cSir,
_d1877-1938
_xCriticism and interpretation.
_96
650 0 _aExperience (Religion)
_9679
650 0 _aPsychology, Religious.
_9680
710 2 _aIqbal Academy (Lahore, Pakistan)
_98
906 _a7
_bcbc
_corigode
_d3
_encip
_f20
_gy-gencatlg
942 _2ddc
_cBK